000 00778nam a22002297a 4500
005 20220830091145.0
008 220830b mx ||||| |||| 00| 0 spa d
020 _a9684010478
020 _a9684010524
050 0 4 _aKJV450
_bP53 1983
100 1 _aPlaniol, Marcel,
_eautor
245 1 0 _aTratado elemental de derecho civil
_c/ Marcel Planiol, Georges Ripert ; tr. José Ma. Cajica, Jr.
250 _a1a ed.
260 _aMéxico :
_bCardenas Editor y Distribuidor,
_cc1983
300 _a531 p. ;
_c23 cm.
504 _aIncluye índice
505 1 _gV.5.
_tTeoría general de los contratos. Contratos especiales.
650 7 _2lemb
_aDerecho civil
_zfrancia
700 1 _aRipert, Georges,
_eautor
700 1 _aCajica, Jr., José M.,
_etr.
942 _2lcc
_cLIB
999 _c164009
_d164007